| 000 | 01165nji a22002897a 4500 | ||
|---|---|---|---|
| 005 | 20100916115644.0 | ||
| 006 | a|||||r|||||00| 0 | ||
| 007 | sd ammalaaahaa | ||
| 008 | 100830t xxu||||| |||| 00| 0 eng d | ||
| 028 |
_a3AEX.5018 _bOdeon |
||
| 035 | _aGR-02529 | ||
| 040 |
_aSED _cSED |
||
| 100 |
_917455 _aTalat Mahmood |
||
| 245 |
_aGhazals from the films / _csung by Talat Mahmood; music Ravi _h[sound recording] : |
||
| 246 | _aग़ज़ल्स फ्रॉम दी फिल्म्स / | ||
| 260 |
_aDum Dum, India _bOdeon _c1962 |
||
| 300 |
_a1 sound disc [Gramophone Recording]: _banalog, 33 1/3 rpm _c12.5 in. (LP) _fGramophone Record |
||
| 500 | _aBrief Record | ||
| 500 | _aRecord labels : Odeon, Black | ||
| 505 | _aSide-1 सब कुछ लुटा के (Sab kuch luta ke) (Ek saal) (Talat Mahmood) Side-2 वहशत ही सही (Wahshat hi sahi) (Mirza Ghalib) | ||
| 600 |
_aTalat Mahmood _919590 |
||
| 650 |
_aHindi Film Songs _zIndia _91186 _xExcerpts |
||
| 650 |
_aGhazals _920309 |
||
| 700 |
_aRavi _920292 |
||
| 942 |
_2ddc _cGR |
||
| 999 |
_c46135 _d46135 |
||